Sports Quiz

Random Sports or Soccer Quiz

2017-18 Champions League Qualifiers Quiz Stats

Quiz not verified by Sporcle

Challenge
Share
Tweet
Embed
Score 0/79 Timer 10:00
0 Plays Today
Country Answer % Correct
SpainFC Barcelona
96.3%
SpainReal Madrid
96%
EnglandManchester City
95.5%
ItalyJuventus
95.2%
GermanyBayern Munich
94.9%
EnglandChelsea
94.9%
EnglandLiverpool
93.8%
FranceParis Saint-Germain
93.5%
EnglandManchester United
93.2%
EnglandTottenham Hotspur
92.6%
SpainAtletico de Madrid
92.4%
GermanyBorussia Dortmund
92.4%
ItalyNapoli
91.5%
FranceAS Monaco
91.5%
PortugalFC Porto
91.2%
ItalyAS Roma
90.9%
SpainSevilla
89.8%
PortugalBenfica
89.8%
PortugalSporting Clube de Portugal
89.5%
RussiaCSKA Moscow
86.7%
NetherlandsAjax
86.7%
GermanyRB Leipzig
84.4%
BelgiumAnderlecht
81%
NetherlandsFeyenoord
81%
GreeceOlympiakos
79.9%
TurkeyBesiktas
79.6%
SwitzerlandFC Basel
78.2%
ScotlandCeltic
77.1%
UkraineDinamo Kiev
74.8%
FranceNice
73.9%
UkraineShakhtar Donetsk
72.8%
CyprusAPOEL
69.1%
RussiaSpartak Moscow
66.9%
BelgiumClub Brugge
66%
Germany1899 Hoffenheim
64.3%
PolandLegia Warsaw
62.9%
SwitzerlandBSC Young Boys
60.9%
GreeceAEK Athens
57.5%
RomaniaSteaua Bucharest
56.4%
SwedenMalmo
55.5%
Country Answer % Correct
DenmarkFC Kobenhavn
55.5%
BelarusBATE
52.4%
KazakhstanFK Astana
52.1%
NorwayRosenborg
51.8%
Czech RepublicSlavia Prague
49.9%
SerbiaPartizan Belgrade
48.2%
SloveniaMaribor
48.2%
AustriaFC Salzburg
47%
Czech RepublicViktoria Plzen
45.9%
BulgariaLudogorets
45.6%
AzerbaijanGarabag
44.8%
CroatiaRijeka
39.7%
TurkeyIstanbul Basaksehir
35.7%
IsraelHapoel Beer-Sheva
33.4%
WalesThe New Saints
30.6%
IrelandDundalk
30.3%
MoldovaSheriff Tiraspol
28.9%
Northern IrelandLinfield
24.9%
SlovakiaMSK Zilina
24.1%
HungaryHonved
19%
IcelandFH Hafnarfjardar
15.6%
RomaniaViitorul Constanta
14.7%
FinlandIFK Mariehamn
14.2%
AndorraFC Santa Coloma
13.6%
MaltaHibernians
13%
LithuaniaZalgiris Vilnius
12.7%
Bosnia and HerzegovinaZrinjski Mostar
12.5%
MontenegroBuducnost Podgorica
12.5%
MacedoniaVardar Skopje
11.6%
GibraltarEuropa FC
11%
AlbaniaKukesi
10.8%
ArmeniaAlashkert
10.5%
KosovoTrepca '89
10.5%
EstoniaInfonet Tallinn
9.6%
Faroe IslandsVikingur
9.3%
San MarinoLa Fiorita
8.5%
GeorgiaSamtredia
7.4%
LatviaSpartaks Jurmala
7.4%
LuxembourgF91 Dudelange
6.8%

You're not logged in!

Compare scores with friends on all Sporcle quizzes.
Join for Free
OR
Log In

You Might Also Like...

Show Comments

Extras

Top Quizzes Today


Score Distribution

Your Account Isn't Verified!

In order to create a playlist on Sporcle, you need to verify the email address you used during registration. Go to your Sporcle Settings to finish the process.

Report this User

Report this user for behavior that violates our Community Guidelines.

Details: